000 01014nas a2200241 a 4500
999 _c20172
_d20172
005 20191224042347.0
008 130614c20059999ck rzp r 0 b spa d
022 _a2011-5822
040 _aCO-BoBLA
_cCO-BoBLA
_dCO-BoIAVH
041 0 _aspa
044 _ack
090 _aSE
245 0 0 _aIngenio :
_brevista de divulgación científica infantil y juvenil
260 _aMedellín (Colombia) :
_bUniversidad Pontificia Bolivariana,
_c[2005]-.
300 _bilustraciones y fotos a color ;
_c20 x 20 cm.
610 2 6 _aUniversidad Pontificia Bolivariana
_xInvestigaciones
_vPublicaciones periódicas
_991007
650 2 6 _aHistoria natural
_xLiteratura infantil
_vPublicaciones periódicas
650 2 6 _aHistoria natural
_vLiteratura juvenil
_vPublicaciones periódicas
650 2 6 _aComunicación científica.
_vPublicaciones periódicas
651 4 _aMedellín (Colombia)
_vPublicaciones periódicas
710 2 _aUniversidad Pontificia Bolivariana
942 _2z
_cREVISTA
_s1